عرض عادي
عرض مارك
- Jackson, Erica M.
مدخل إسم شخص
001 - رقم الضبط
- حقل الضبط: 11492
003 - معرف رقم الضبط
- حقل الضبط: OSt
005 - تاريخ ووقت أخر عملية
- حقل الضبط: 20120419021102.0
008 - عناصر بيانات ثابتة الطول
- حقل تحكم ثابت الطول: 120419|||a|||||| | ||| d
040 ## - مصدر الفهرسة
- هيئة الفهرسة الأصلية: OSt
- وكالة الكتابة: OSt
100 ## - مدخل -- أسم شخص
- إسم شخص: Jackson, Erica M.
670 ## - بيانات المصدر موجوده
- الاستشهاد بالمصدر: Work cat.: (OSt)23959: Powers, Scott K. (Scott Kline), 1950- 11491, Total fitness & wellness /, c2011.
